Handbook of Electric Power Calculations (Record no. 831)

MARC details
000 -LEADER
fixed length control field 00765nam a2200265 a 4500
003 - CONTROL NUMBER IDENTIFIER
control field PK-NaQUE
005 - DATE AND TIME OF LATEST TRANSACTION
control field 20250625185155.0
008 - FIXED-LENGTH DATA ELEMENTS--GENERAL INFORMATION
fixed length control field 250625b ||||| |||| 00| 0 eng d
020 ## - INTERNATIONAL STANDARD BOOK NUMBER
International Standard Book Number 0070560617 (Hardcover)
020 ## - INTERNATIONAL STANDARD BOOK NUMBER
International Standard Book Number 9780070560611 (Hardcover)
040 ## - CATALOGING SOURCE
Transcribing agency QUEST
082 ## - DEWEY DECIMAL CLASSIFICATION NUMBER
Classification number 621.31SEI.
100 ## - MAIN ENTRY--PERSONAL NAME
Personal name Seidman, Arthur H.
245 10 - TITLE STATEMENT
Title Handbook of Electric Power Calculations
260 ## - PUBLICATION, DISTRIBUTION, ETC. (IMPRINT)
Place of publication, distribution, etc New York
Name of publisher, distributor, etc Mcgraw-Hill
Date of publication, distribution, etc 1984.
300 ## - PHYSICAL DESCRIPTION
Extent IX,IRP.
650 ## - SUBJECT ADDED ENTRY--TOPICAL TERM
Topical term or geographic name as entry element Electric Power Systems--Mathematics
650 ## - SUBJECT ADDED ENTRY--TOPICAL TERM
Topical term or geographic name as entry element Mathematics
650 ## - SUBJECT ADDED ENTRY--TOPICAL TERM
Topical term or geographic name as entry element Electric Power Systems
700 1# - ADDED ENTRY--PERSONAL NAME
Personal name Seidman, Arthur H.
700 1# - ADDED ENTRY--PERSONAL NAME
Personal name Mahrous, Haroun.
700 1# - ADDED ENTRY--PERSONAL NAME
Personal name Hicks, Tyler G.
856 40 - ELECTRONIC LOCATION AND ACCESS
Uniform Resource Identifier <a href="http://10.10.170.122:8080/browse/book/27671">http://10.10.170.122:8080/browse/book/27671</a>
Link text Download eBook
942 ## - ADDED ENTRY ELEMENTS (KOHA)
Koha item type Books
Source of classification or shelving scheme Dewey Decimal Classification
Holdings
Withdrawn status Lost status Damaged status Not for loan Collection code Home library Current library Date acquired Cost, normal purchase price Total Checkouts Full call number Barcode Date last seen Koha item type Price effective from
  Lost and Paid For       Central Library, QUEST, Nawabshah Central Library, QUEST, Nawabshah 02/04/2015 841.59   621.319SEI 8700 02/04/2015 Books  
          Central Library, QUEST, Nawabshah Central Library, QUEST, Nawabshah 08/05/2015 1050.08   621.319SEI 10124 08/05/2015 Books 08/05/2015
        Reference Reference Section Reference Section 28/04/2014 1140.00   621.31SEI (Shelf - 50E) 10293 28/04/2014 Books